00311nam a2200109Ia 4500008004000000082001600040100002500056245003300081260004500114300000800159650003400167210210b1979 xxu||||| |||| 00| 0 eng d a820.33 CHAF aCHAUDHURY (P C Roy). aFolk tales of Uttar Pradesh. aN DbSterling Publishers Pvt Ltd.,c1979 a120 aFolk Tales of Uttar Pradesh